Avant, j'étais un arbre / (Notice n° 18922)

Détails MARC
000 -LEADER
fixed length control field 01808cam a2200445 i 4500
001 - CONTROL NUMBER
control field 0007411923
003 - CONTROL NUMBER IDENTIFIER
control field OSt
005 - DATE AND TIME OF LATEST TRANSACTION
control field 20260630191906.0
008 - FIXED-LENGTH DATA ELEMENTS--GENERAL INFORMATION
fixed length control field 250130s2025 quca j 000 1 fre
020 ## - INTERNATIONAL STANDARD BOOK NUMBER
International Standard Book Number 9782897747244
040 ## - CATALOGING SOURCE
Original cataloging agency QMBN
Language of cataloging fre
Description conventions rda
Transcribing agency QMBN
Modifying agency QMBND
041 1# - LANGUAGE CODE
Language code of text/sound track or separate title fre
Language code of original eng
082 04 - DEWEY DECIMAL CLASSIFICATION NUMBER
Classification number ALB MAC
Item number M161a
Edition number 23/fre/202509
084 ## - OTHER CLASSIFICATION NUMBER
Classification number 828/.92
Item number M161a
Number source z
091 0# - MICROFILM SHELF LOCATION (AM) [OBSOLETE]
Microfilm shelf location MCL
100 1# - MAIN ENTRY--PERSONAL NAME
Personal name McLaughlin, Eoin
Relator term auteur
240 10 - UNIFORM TITLE
Uniform title <a href="Once I was a tree.">Once I was a tree.</a>
Language of a work Français
245 10 - TITLE STATEMENT
Title Avant, j'étais un arbre /
Statement of responsibility, etc. écrit par un livre (avec l'aide d'Eoin McLaughlin) ; illustré par Guilherme Karsten ; traduction : Carole Tremblay
264 #1 - PRODUCTION, PUBLICATION, DISTRIBUTION, MANUFACTURE, AND COPYRIGHT NOTICE
Place of production, publication, distribution, manufacture Montréal (Québec) :
Name of producer, publisher, distributor, manufacturer la Courte échelle,
Date of production, publication, distribution, manufacture, or copyright notice [2025]
300 ## - PHYSICAL DESCRIPTION
Extent 1 volume (non paginé)
Other physical details illustrations en couleur ;
Dimensions 30 cm
336 ## - CONTENT TYPE
Content type term texte
Content type code txt
Source rdacontent
336 ## - CONTENT TYPE
Content type term image fixe
Content type code sti
Source rdacontent
337 ## - MEDIA TYPE
Media type term sans mďiation
Media type code n
Source rdamedia
338 ## - CARRIER TYPE
Carrier type term volume
Carrier type code nc
Source rdacarrier
521 ## - TARGET AUDIENCE NOTE
Target audience note Pour enfants de 4 ans et plus
650 #7 - SUBJECT ADDED ENTRY--TOPICAL TERM
Topical term or geographic name as entry element Arbres
Form subdivision Fiction
Source of heading or term vmj
650 #7 - SUBJECT ADDED ENTRY--TOPICAL TERM
Topical term or geographic name as entry element Cycles biologiques
Form subdivision Fiction
Source of heading or term vmj
650 #7 - SUBJECT ADDED ENTRY--TOPICAL TERM
Topical term or geographic name as entry element Croissance (Plantes)
Form subdivision Fiction
Source of heading or term vmj
650 #7 - SUBJECT ADDED ENTRY--TOPICAL TERM
Topical term or geographic name as entry element Mťamorphose
Form subdivision Fiction
Source of heading or term vmj
650 #7 - SUBJECT ADDED ENTRY--TOPICAL TERM
Topical term or geographic name as entry element Livres
Form subdivision Fiction
Source of heading or term vmj
650 #7 - SUBJECT ADDED ENTRY--TOPICAL TERM
Topical term or geographic name as entry element Art de conter
Form subdivision Fiction
Source of heading or term vmj
655 #7 - INDEX TERM--GENRE/FORM
Genre/form data or focus term Documents pour la jeunesse
Source of term rvmgf
655 #7 - INDEX TERM--GENRE/FORM
Genre/form data or focus term Livres d'images
Source of term rvmgf
700 1# - ADDED ENTRY--PERSONAL NAME
Personal name Karsten, Guilherme
Relator term illustrateur
700 1# - ADDED ENTRY--PERSONAL NAME
Personal name Tremblay, Carole,
Dates associated with a name 1959-
Relator term traducteur
700 1# - ADDED ENTRY--PERSONAL NAME
Relationship information Traduction de :
Personal name McLaughlin, Eoin
Title of a work Once I was a tree
942 ## - ADDED ENTRY ELEMENTS (KOHA)
Source of classification or shelving scheme Dewey Decimal Classification
Koha item type Album jeunesse
Exemplaires
Withdrawn status Lost status Source of classification or shelving scheme Damaged status Not for loan Home library Current library Date acquired Total Checkouts Full call number Barcode Date last seen Price effective from Koha item type
    Dewey Decimal Classification     Bibliothèque municipale d'Henryville Bibliothèque municipale d'Henryville 2026-06-30   ALB MAC 30001030039459 2026-06-30 2026-06-30 Album jeunesse